000
00271nam a2200097Ia 4500
008
220204s9999 xx 000 0 und d
100
_a
Sherwood, R J
245
0
_a
Ecological aspects of the environmental impact of the rubber industry
260
_a
UNIDO
_c
1975
942
_c
BK
999
_c
43420
_d
43420